[Event "Hamburg-chT Landesliga 1920"]
[Site "Hamburg"]
[Date "2019.10.20"]
[Round "2.7"]
[White "Anderberg, Peter"]
[Black "Zickelbein, Eva Maria"]
[Result "0-1"]
[WhiteElo "2024"]
[BlackElo "1937"]
[PlyCount "106"]
[EventDate "2019.09.29"]
[EventType "team-tourn"]
[EventRounds "9"]
[EventCountry "GER"]
[SourceTitle "EXT 2021"]
[Source "ChessBase"]
[SourceDate "2020.10.23"]
[SourceVersion "1"]
[SourceVersionDate "2020.10.23"]
[SourceQuality "1"]

1. d4 d6 2. e4 Nf6 3. Nc3 e5 4. Nf3 Nbd7 5. Be2 Be7 6. 0-0 0-0 7. dxe5 dxe5 8. Bg5 c6 9. Qd2 Qc7 10. a3 b5 11. Ne1 Nc5 12. f3 Ne6 13. Be3 Rd8 14. Bd3 a6 15. Qf2 c5 16. Nd5 Nxd5 17. exd5 Nd4 18. c3 Nf5 19. Bxf5 Bxf5 20. Rd1 Be6 21. f4 e4 22. f5 Bxd5 23. f6 Bxf6 24. Bxc5 Bc4 25. Bb6 Qxb6 26. Qxb6 Rxd1 27. Qe3 Bxf1 28. Kxf1 Rad8 29. Ke2 h6 30. Qxe4 R8d2+ 31. Kf1 Rd5 32. Kf2 Re5 33. Qa8+ Rd8 34. Qf3 Rd2+ 35. Kf1 Rxb2 36. Nd3 Rb1+ 37. Kf2 Re8 38. Nc5 Rb2+ 39. Kf1 Rc8 40. Ne4 Be7 41. Qf5 Rd8 42. Ke1 Rxg2 43. Qe5 Bh4+ 44. Kf1 Ra2 45. Nd6 Rf2+ 46. Kg1 Rf6 47. Ne4 Rg6+ 48. Kf1 Rd1+ 49. Ke2 Re1+ 50. Kd2 Re6 51. Qb8+ Kh7 52. Nd6 Bg5+ 53. Kc2 Bf4 0-1

[Event "BL2 West 1819 (Women)"]
[Site "Germany"]
[Date "2019.01.13"]
[Round "7.3"]
[White "Mundt, Alexandra"]
[Black "Zickelbein, Eva Maria"]
[Result "1-0"]
[WhiteElo "1704"]
[BlackElo "1956"]
[PlyCount "37"]
[EventDate "2018.10.27"]
[EventType "team-tourn"]
[EventRounds "7"]
[EventCountry "GER"]
[SourceTitle "CBM 190 Extra"]
[Source "ChessBase"]
[SourceDate "2019.07.15"]
[SourceVersion "1"]
[SourceVersionDate "2019.07.15"]
[SourceQuality "1"]
[WhiteTeam "Luebeck (W)"]
[BlackTeam "Hamburger SK (W) II"]
[WhiteTeamCountry "GER"]
[BlackTeamCountry "GER"]

1. e4 d6 2. f4 c5 3. Nf3 Nc6 4. d4 cxd4 5. Nxd4 Nf6 6. Nc3 e6 7. Be3 Be7 8. Be2 0-0 9. Qd2 a6 10. Bf3 d5 11. 0-0-0 dxe4 12. Nxc6 Qxd2+ 13. Bxd2 bxc6 14. Nxe4 Nd5 15. c4 Nb6 16. b3 Ba3+ 17. Kc2 Bb7 18. Ba5 Nc8 19. b4 1-0

[Event "BL2 West 1819 (Women)"]
[Site "Germany"]
[Date "2018.12.09"]
[Round "5.3"]
[White "Moenster, Madita"]
[Black "Zickelbein, Eva Maria"]
[Result "1-0"]
[WhiteElo "1869"]
[BlackElo "1969"]
[PlyCount "91"]
[EventDate "2018.10.27"]
[EventType "team-tourn"]
[EventRounds "7"]
[EventCountry "GER"]
[SourceTitle "CBM 190 Extra"]
[Source "ChessBase"]
[SourceDate "2019.07.15"]
[SourceVersion "1"]
[SourceVersionDate "2019.07.15"]
[SourceQuality "1"]
[WhiteTeam "Delmenhorst (W)"]
[BlackTeam "Hamburger SK (W) II"]
[WhiteTeamCountry "GER"]
[BlackTeamCountry "GER"]

1. e4 d6 2. d4 Nf6 3. Nc3 e5 4. Nf3 Nbd7 5. Bc4 Be7 6. 0-0 0-0 7. Re1 c6 8. a4 Qc7 9. Bb3 b6 10. Be3 Bb7 11. Nh4 Rfe8 12. Nf5 Bf8 13. Qf3 c5 14. d5 a6 15. Bg5 g6 16. Nh6+ Bxh6 17. Bxh6 Kh8 18. Bc4 Ng8 19. Bg5 f6 20. Bd2 Nf8 21. Nd1 Qg7 22. Ne3 Bc8 23. h4 Ra7 24. Bd3 Qc7 25. c3 Re7 26. b4 Rf7 27. h5 g5 28. Rec1 Nh6 29. a5 b5 30. c4 bxc4 31. Rxc4 Qe7 32. bxc5 dxc5 33. Rac1 Rc7 34. Bb4 g4 35. Qe2 Nd7 36. Qc2 Rg7 37. Bxc5 Qe8 38. Bf8 Nxf8 39. Rxc7 Bd7 40. Nf1 Qxh5 41. Ng3 Qe8 42. Bxa6 Nf7 43. Bc8 Nd6 44. Bxd7 Nxd7 45. Qc6 Qe7 46. a6 1-0

[Event "Hamburg-chT Landesliga 1718"]
[Site "Hamburg"]
[Date "2018.04.22"]
[Round "9.7"]
[White "Zickelbein, Eva Maria"]
[Black "Topalov, Mihail"]
[Result "0-1"]
[WhiteElo "2004"]
[BlackElo "1921"]
[PlyCount "98"]
[EventDate "2017.10.08"]
[EventType "team-tourn"]
[EventRounds "9"]
[EventCountry "GER"]
[SourceTitle "EXT 2021"]
[Source "ChessBase"]
[SourceDate "2020.10.23"]
[SourceVersion "1"]
[SourceVersionDate "2020.10.23"]
[SourceQuality "1"]
[WhiteTeam "Hamburger SK IV"]
[BlackTeam "Johanneum Eppendorf II"]
[WhiteTeamCountry "GER"]
[BlackTeamCountry "GER"]

1. e4 c5 2. Be2 e6 3. Nf3 d6 4. 0-0 Nf6 5. d3 Nc6 6. c3 Be7 7. Re1 0-0 8. Nbd2 b6 9. Nf1 Bb7 10. Ng3 Qc7 11. d4 cxd4 12. cxd4 Rac8 13. Bd2 d5 14. e5 Ne4 15. a3 Nxd2 16. Qxd2 Na5 17. Rac1 Qd7 18. Rxc8 Rxc8 19. Bd3 Qa4 20. Nh5 Nb3 21. Qf4 h6 22. g4 g5 23. Qe3 Na5 24. Nf6+ Bxf6 25. exf6 Nc4 26. Bxc4 dxc4 27. Nxg5 Qc6 28. Ne4 Qxe4 29. Qxe4 Bxe4 30. Rxe4 Rd8 31. g5 Rd5 32. gxh6 Kh7 33. Rg4 Kxh6 34. Kf1 Rf5 35. Rg8 Rf4 36. Ra8 Rxd4 37. Rxa7 Kg6 38. Rb7 Rd6 39. Ke2 Kxf6 40. Ke3 Rd3+ 41. Ke4 Rb3 42. Kd4 b5 43. a4 e5+ 44. Kc5 Rxb2 45. axb5 c3 46. Kb6 Rxf2 47. h4 e4 48. Rc7 c2 49. Rc6+ Kg7 0-1

[Event "Hamburg-chT Landesliga 1718"]
[Site "Hamburg"]
[Date "2018.04.21"]
[Round "8.7"]
[White "Ziller, Christian"]
[Black "Zickelbein, Eva Maria"]
[Result "1/2-1/2"]
[WhiteElo "2071"]
[BlackElo "2004"]
[PlyCount "26"]
[EventDate "2017.10.08"]
[EventType "team-tourn"]
[EventRounds "9"]
[EventCountry "GER"]
[SourceTitle "EXT 2021"]
[Source "ChessBase"]
[SourceDate "2020.10.23"]
[SourceVersion "1"]
[SourceVersionDate "2020.10.23"]
[SourceQuality "1"]
[WhiteTeam "St Pauli III"]
[BlackTeam "Hamburger SK IV"]
[WhiteTeamCountry "GER"]
[BlackTeamCountry "GER"]

1. e4 d6 2. f4 g6 3. d3 Bg7 4. c3 Nc6 5. Be2 e5 6. Nf3 Nge7 7. Na3 0-0 8. fxe5 dxe5 9. Be3 Bg4 10. Ng5 Bxe2 11. Qxe2 Qd7 12. 0-0-0 h6 13. Nf3 Qe6 1/2-1/2

[Event "FRA-chT Top 12 (Women)"]
[Site "Mulhouse"]
[Date "2014.05.10"]
[Round "3.1"]
[White "Zickelbein, Eva Maria"]
[Black "Nicoara, Malina"]
[Result "0-1"]
[WhiteElo "2065"]
[BlackElo "2108"]
[PlyCount "44"]
[EventDate "2014.05.09"]
[EventType "team-tourn"]
[EventRounds "5"]
[EventCountry "FRA"]
[SourceTitle "CBM 160 Extra"]
[Source "ChessBase"]
[SourceDate "2014.07.01"]
[SourceVersion "1"]
[SourceVersionDate "2014.07.01"]
[SourceQuality "1"]
[WhiteTeam "Naujac (W)"]
[BlackTeam "Strasbourg (W)"]
[WhiteTeamCountry "FRA"]
[BlackTeamCountry "FRA"]

1. e4 Nf6 2. Nc3 d5 3. d4 dxe4 4. f3 exf3 5. Nxf3 Bg4 6. Bc4 e6 7. 0-0 c6 8. Qe2 Be7 9. Be3 0-0 10. Qf2 Nd5 11. Ne5 Bh5 12. g4 Bg6 13. Rae1 Bh4 14. Qe2 Bxe1 15. Rxe1 Nxe3 16. Qxe3 Nd7 17. Nxg6 hxg6 18. Ne4 Nb6 19. Bd3 Qh4 20. c4 Rad8 21. g5 e5 22. Rf1 Rxd4 0-1

[Event "GER-chT Federal Cup (Women)"]
[Site "Braunfels"]
[Date "2013.06.01"]
[Round "4.4"]
[White "Klinge, Sabina"]
[Black "Zickelbein, Eva Maria"]
[Result "0-1"]
[WhiteElo "1595"]
[BlackElo "2087"]
[PlyCount "42"]
[EventDate "2013.05.30"]
[EventType "team-swiss"]
[EventRounds "5"]
[EventCountry "GER"]
[SourceTitle "EXT 2014"]
[Source "ChessBase"]
[SourceDate "2013.11.20"]
[SourceVersion "1"]
[SourceVersionDate "2013.11.20"]
[SourceQuality "1"]
[WhiteTeam "Mecklenburg Vorpommern (W)"]
[BlackTeam "Hamburg (W)"]
[WhiteTeamCountry "GER"]
[BlackTeamCountry "GER"]

1. e4 e5 2. Nf3 Nc6 3. d4 exd4 4. Nxd4 Bc5 5. Be3 Qf6 6. c3 Nge7 7. Be2 Bb6 8. 0-0 d6 9. f4 0-0 10. Na3 Nxd4 11. Bxd4 Bxd4+ 12. cxd4 a6 13. Qd2 d5 14. e5 Qb6 15. Rac1 f6 16. Kh1 Bf5 17. Bf3 Rad8 18. b3 Nc6 19. Rfd1 fxe5 20. fxe5 Be4 21. Bg4 Nxe5 0-1

[Event "FRA-chT Top 12 (Women)"]
[Site "Archamps"]
[Date "2013.02.17"]
[Round "4.4"]
[White "Genova, Liubka"]
[Black "Zickelbein, Eva Maria"]
[Result "1-0"]
[WhiteElo "2276"]
[BlackElo "2081"]
[PlyCount "91"]
[EventDate "2013.02.15"]
[EventType "team-swiss"]
[EventRounds "5"]
[EventCountry "FRA"]
[SourceTitle "CBM 152 Extra"]
[Source "ChessBase"]
[SourceDate "2013.02.25"]
[SourceVersion "1"]
[SourceVersionDate "2013.02.25"]
[SourceQuality "1"]
[WhiteTeam "Mulhouse Philidor (W)"]
[BlackTeam "Naujac (W)"]
[WhiteTeamCountry "FRA"]
[BlackTeamCountry "FRA"]

1. e4 e5 2. Nf3 Nc6 3. Nc3 Nf6 4. d4 exd4 5. Nxd4 Bb4 6. Nxc6 bxc6 7. Bd3 d5 8. exd5 cxd5 9. 0-0 0-0 10. Bg5 c6 11. Qf3 Bd6 12. Rae1 h6 13. Bxf6 Qxf6 14. Qxf6 gxf6 15. Ne2 Bd7 16. Ng3 Rab8 17. Nh5 Be6 18. Nxf6+ Kh8 19. b3 Bb4 20. Rb1 Bc3 21. Nh5 Rb4 22. Ng3 Bg4 23. h3 Bd7 24. Ne2 Be5 25. f4 Bd6 26. Rbd1 Rg8 27. Kh2 c5 28. c3 Rbb8 29. c4 d4 30. Ng3 Rbe8 31. Rd2 Re3 32. Ne4 Rxd3 33. Rxd3 Bf5 34. Nxd6 Bxd3 35. Rd1 Be2 36. Rd2 d3 37. Nxf7+ Kg7 38. Ne5 Rd8 39. Kg1 Kf6 40. Kf2 h5 41. h4 Kf5 42. Ke3 Rd4 43. Nxd3 Bxd3 44. Rxd3 Re4+ 45. Kf2 Kxf4 46. g3+ 1-0

[Event "FRA-chT Top 12 (Women)"]
[Site "Saint Quentin"]
[Date "2012.06.24"]
[Round "2.4"]
[White "Zickelbein, Eva Maria"]
[Black "Rasinaru, Alina"]
[Result "1-0"]
[WhiteElo "2058"]
[BlackElo "1995"]
[PlyCount "79"]
[EventDate "2012.06.23"]
[EventType "team-match"]
[EventRounds "2"]
[EventCountry "FRA"]
[SourceTitle "CBM 149 Extra"]
[Source "ChessBase"]
[SourceDate "2012.08.24"]
[SourceVersion "1"]
[SourceVersionDate "2012.08.24"]
[SourceQuality "1"]
[WhiteTeam "Naujac (W)"]
[BlackTeam "Evry (W)"]
[WhiteTeamCountry "FRA"]
[BlackTeamCountry "FRA"]

1. e4 c5 2. Nc3 e6 3. Nf3 Nc6 4. d4 cxd4 5. Nxd4 d6 6. Be3 Nf6 7. g4 Be7 8. g5 Nd7 9. Qd2 a6 10. h4 Qc7 11. 0-0-0 b5 12. h5 Bb7 13. Bg2 Nde5 14. g6 hxg6 15. hxg6 Nxg6 16. Rxh8+ Nxh8 17. f4 0-0-0 18. f5 Nxd4 19. Bxd4 Bf6 20. fxe6 fxe6 21. Bh3 Qf7 22. Nd5 Kb8 23. Nxf6 gxf6 24. Bb6 Rd7 25. Bc5 Bxe4 26. Bxd6+ Ka8 27. Qe3 f5 28. Qb6 Qe8 29. Qxa6+ Ra7 30. Qb6 Rxa2 31. Kb1 Ra4 32. b3 Ra7 33. Bc5 Rd7 34. Qa6+ Kb8 35. Bd6+ Rxd6 36. Rxd6 Bb7 37. Qb6 Nf7 38. Rxe6 Qd7 39. Bg2 Qd1+ 40. Kb2 1-0

[Event "Naujac op 14th"]
[Site "Naujac"]
[Date "2011.06.??"]
[Round "3"]
[White "Fantinel, Thibault"]
[Black "Zickelbein, Eva Maria"]
[Result "1-0"]
[WhiteElo "2252"]
[BlackElo "2075"]
[PlyCount "63"]
[EventDate "2011.06.26"]
[EventType "swiss"]
[EventRounds "9"]
[EventCountry "FRA"]
[SourceTitle "EXT 2013"]
[Source "ChessBase"]
[SourceDate "2012.11.22"]
[SourceVersion "1"]
[SourceVersionDate "2012.11.22"]
[SourceQuality "1"]

1. c4 c6 2. g3 d5 3. Nf3 Nf6 4. Bg2 g6 5. b3 Bg7 6. Bb2 0-0 7. 0-0 Nbd7 8. d3 Re8 9. Nbd2 e5 10. cxd5 cxd5 11. Rc1 e4 12. dxe4 Nxe4 13. Bxg7 Kxg7 14. Qc2 Ndf6 15. Rfd1 Qb6 16. Nxe4 Nxe4 17. e3 Be6 18. Nd4 Rac8 19. Qb2 Kg8 20. Rxc8 Rxc8 21. Rc1 Rxc1+ 22. Qxc1 Qc5 23. Qxc5 Nxc5 24. Nb5 Nd3 25. Kf1 Kf8 26. Nc3 Nb4 27. Ke2 Ke7 28. a3 Nc6 29. Bxd5 Bxd5 30. Nxd5+ Kd6 31. Nc3 Kc5 32. Ne4+ 1-0

[Event "BL 0910 (Women)"]
[Site "Germany"]
[Date "2009.12.05"]
[Round "3.4"]
[White "Erben, Larissa"]
[Black "Zickelbein, Eva Maria"]
[Result "1/2-1/2"]
[WhiteElo "2023"]
[BlackElo "2058"]
[PlyCount "50"]
[EventDate "2009.11.07"]
[EventType "team-tourn"]
[EventRounds "11"]
[EventCountry "GER"]
[SourceTitle "CBM 133 Extra"]
[Source "ChessBase"]
[SourceDate "2010.01.05"]
[SourceVersion "1"]
[SourceVersionDate "2010.01.05"]
[SourceQuality "1"]
[WhiteTeam "Wolfbusch (W)"]
[BlackTeam "Hamburger SK (W)"]
[WhiteTeamCountry "GER"]
[BlackTeamCountry "GER"]

1. e4 e5 2. Nf3 Nc6 3. Bb5 a6 4. Ba4 Nf6 5. 0-0 b5 6. Bb3 Bb7 7. Re1 Bc5 8. c3 d6 9. d4 Bb6 10. Bg5 h6 11. Bh4 g5 12. Bg3 Qe7 13. a4 0-0-0 14. axb5 axb5 15. Qd3 h5 16. h4 g4 17. Ng5 exd4 18. Nxf7 Ne5 19. Bxe5 dxe5 20. Qxb5 g3 21. fxg3 d3+ 22. Kh2 Ng4+ 23. Kh1 Nf2+ 24. Kh2 Ng4+ 25. Kh1 Nf2+ 1/2-1/2

[Event "Naujac op"]
[Site "Naujac"]
[Date "2009.07.??"]
[Round "1"]
[White "Zickelbein, Eva Maria"]
[Black "Abergel, Thal"]
[Result "0-1"]
[WhiteElo "2073"]
[BlackElo "2497"]
[PlyCount "42"]
[EventDate "2009.07.??"]
[EventType "swiss"]
[EventRounds "9"]
[EventCountry "FRA"]
[SourceTitle "CBM 131 Extra"]
[Source "ChessBase"]
[SourceDate "2009.09.03"]
[SourceVersion "2"]
[SourceVersionDate "2009.09.16"]
[SourceQuality "1"]

1. e4 c5 2. Nc3 Nc6 3. Bb5 Nd4 4. Bc4 a6 5. a4 Nf6 6. e5 d5 7. Ba2 Nd7 8. f4 e6 9. Nf3 Be7 10. 0-0 0-0 11. Nxd4 cxd4 12. Ne2 f6 13. exf6 Bxf6 14. f5 Nc5 15. fxe6 Bxe6 16. Nf4 d3 17. c3 Qd6 18. b4 Be5 19. Nxe6 Nxe6 20. Ba3 Bxh2+ 21. Kh1 Nf4 0-1

[Event "Queenstown op"]
[Site "Queenstown"]
[Date "2009.01.23"]
[Round "9"]
[White "Zickelbein, Eva Maria"]
[Black "Caron, Damien"]
[Result "1-0"]
[WhiteElo "2070"]
[BlackElo "1914"]
[PlyCount "37"]
[EventDate "2009.01.15"]
[EventType "swiss"]
[EventRounds "10"]
[EventCountry "NZL"]
[SourceTitle "CBM 128 Extra"]
[Source "ChessBase"]
[SourceDate "2009.03.05"]
[SourceVersion "2"]
[SourceVersionDate "2009.03.25"]
[SourceQuality "1"]

1. e4 e5 2. Nf3 Nc6 3. d4 exd4 4. Bc4 Bc5 5. 0-0 d6 6. c3 d3 7. b4 Bb6 8. a4 a6 9. a5 Ba7 10. Qxd3 Bg4 11. b5 axb5 12. Bxb5 Bd7 13. Re1 f6 14. a6 bxa6 15. Rxa6 Nb8 16. Bxd7+ Nxd7 17. Nd4 Nc5 18. Qb5+ Qd7 19. Rxa7 1-0

[Event "Queenstown op"]
[Site "Queenstown"]
[Date "2009.01.18"]
[Round "4"]
[White "Zickelbein, Eva Maria"]
[Black "Siripornpitak, Boyd"]
[Result "1-0"]
[WhiteElo "2070"]
[BlackElo "1564"]
[PlyCount "43"]
[EventDate "2009.01.15"]
[EventType "swiss"]
[EventRounds "10"]
[EventCountry "NZL"]
[SourceTitle "CBM 128 Extra"]
[Source "ChessBase"]
[SourceDate "2009.03.05"]
[SourceVersion "2"]
[SourceVersionDate "2009.03.25"]
[SourceQuality "1"]

1. e4 c5 2. Nc3 d6 3. f4 g6 4. Nf3 Bg7 5. Bc4 Nc6 6. 0-0 e6 7. d3 Nge7 8. Qe1 a6 9. a4 Qc7 10. Qh4 Bd7 11. f5 gxf5 12. Bg5 Ng6 13. Qe1 h6 14. exf5 Nge5 15. Nxe5 Bxe5 16. Bh4 Rg8 17. fxe6 Bxe6 18. Nd5 Bxd5 19. Bxd5 Rg7 20. Bf6 Rg6 21. Bxe5 Nxe5 22. Bxf7+ 1-0

[Event "Queenstown op"]
[Site "Queenstown"]
[Date "2009.01.17"]
[Round "3"]
[White "Steadman, Michael VR"]
[Black "Zickelbein, Eva Maria"]
[Result "1-0"]
[WhiteElo "2273"]
[BlackElo "2070"]
[PlyCount "73"]
[EventDate "2009.01.15"]
[EventType "swiss"]
[EventRounds "10"]
[EventCountry "NZL"]
[SourceTitle "CBM 128 Extra"]
[Source "ChessBase"]
[SourceDate "2009.03.05"]
[SourceVersion "2"]
[SourceVersionDate "2009.03.25"]
[SourceQuality "1"]

1. d4 d6 2. e4 Nf6 3. Nc3 e5 4. Nge2 Be7 5. h3 0-0 6. Be3 c6 7. f4 exd4 8. Nxd4 d5 9. e5 Ne4 10. Nxe4 dxe4 11. Bc4 Bh4+ 12. Kf1 b5 13. Nxb5 Qxd1+ 14. Rxd1 cxb5 15. Bd5 Rd8 16. Ke2 Rxd5 17. Rxd5 Be6 18. Rd6 Bc4+ 19. Kd1 Be7 20. Rd2 Nc6 21. b3 Be6 22. Ke2 h5 23. c3 h4 24. Bd4 f5 25. exf6 gxf6 26. f5 Nxd4+ 27. Rxd4 Bxf5 28. Rf1 Bg6 29. Rd7 Bh5+ 30. Ke3 Bc5+ 31. Kxe4 Re8+ 32. Kf5 Bf7 33. Kxf6 Bxb3 34. Rg7+ Kh8 35. axb3 Rf8+ 36. Rf7 Rg8 37. Rf5 1-0

[Event "BL 0809 (Women)"]
[Site "Germany"]
[Date "2008.11.09"]
[Round "2.5"]
[White "Voicu Jagodzinsky, Carmen"]
[Black "Zickelbein, Eva Maria"]
[Result "1-0"]
[WhiteElo "2254"]
[BlackElo "2070"]
[PlyCount "81"]
[EventDate "2008.11.08"]
[EventType "team-tourn"]
[EventRounds "11"]
[EventCountry "GER"]
[SourceTitle "EXT 2010"]
[Source "ChessBase"]
[SourceDate "2010.11.25"]
[SourceVersion "1"]
[SourceVersionDate "2010.11.25"]
[SourceQuality "1"]
[WhiteTeam "Grosslehna (W)"]
[BlackTeam "Hamburger SK (W)"]
[WhiteTeamCountry "GER"]
[BlackTeamCountry "GER"]

1. e4 e5 2. Nf3 Nc6 3. Bc4 Nf6 4. d3 Be7 5. 0-0 0-0 6. Re1 d6 7. c3 Na5 8. Bb5 Bd7 9. Ba4 Bxa4 10. Qxa4 Nc6 11. d4 Qd7 12. Qc2 Rfe8 13. Nbd2 Bf8 14. d5 Ne7 15. Nf1 c6 16. dxc6 Nxc6 17. Bg5 Qe6 18. Bxf6 Qxf6 19. Ne3 Ne7 20. Rad1 Qe6 21. Nd5 Nxd5 22. Rxd5 Be7 23. Qd3 Rf8 24. Nd2 f5 25. exf5 Rxf5 26. Ne4 Rh5 27. Ng3 Rh6 28. f4 Rf8 29. fxe5 dxe5 30. Rdxe5 Qb6+ 31. Kh1 Bh4 32. Re8 Qf2 33. Rxf8+ Kxf8 34. Rf1 Bxg3 35. Qd8+ Kf7 36. Qd7+ Kf8 37. Qc8+ Kf7 38. Qxb7+ Kf8 39. Qa8+ Ke7 40. Rxf2 Bxf2 41. Qg8 1-0

[Event "FRA-chT Top 12 (Women)"]
[Site "Vandoeuvre"]
[Date "2008.05.17"]
[Round "2"]
[White "Zickelbein, Eva Maria"]
[Black "Le Bail, Clara"]
[Result "0-1"]
[WhiteElo "2135"]
[BlackElo "2012"]
[PlyCount "82"]
[EventDate "2008.05.16"]
[EventType "team-tourn"]
[EventRounds "5"]
[EventCountry "FRA"]
[SourceTitle "CBM 124 Extra"]
[Source "ChessBase"]
[SourceDate "2008.07.03"]
[SourceVersion "1"]
[SourceVersionDate "2008.07.03"]
[SourceQuality "1"]
[WhiteTeam "Naujac (W)"]
[BlackTeam "Rennes (W)"]
[WhiteTeamCountry "FRA"]
[BlackTeamCountry "FRA"]

1. e4 e6 2. Qe2 c5 3. g3 Nc6 4. Bg2 d6 5. Nf3 e5 6. c3 g6 7. Na3 Bg7 8. 0-0 Nge7 9. Nc2 0-0 10. Rb1 Be6 11. b3 h6 12. d4 d5 13. Nxe5 Nxe5 14. dxe5 Qa5 15. exd5 Nxd5 16. c4 Nc3 17. Qe1 Bf5 18. Rb2 Rad8 19. f4 Rd1 20. Qf2 Bd3 21. Ne3 Bxf1 22. Nxd1 Nxd1 23. Qd2 Qd8 24. Bd5 Nxb2 25. Kxf1 Nxc4 26. bxc4 Qd7 27. Qc2 Rd8 28. Kg2 b5 29. Be3 bxc4 30. Bxc4 Qc6+ 31. Kh3 Bf8 32. f5 Qf3 33. fxg6 Qxe3 34. Qf5 Bg7 35. gxf7+ Kf8 36. Qh7 Qxe5 37. Qg6 Qd4 38. Qa6 Qd7+ 39. g4 Qd4 40. Qe6 Qc3+ 41. Kg2 Qe5 0-1

[Event "BL 0708 (Women)"]
[Site "Germany"]
[Date "2008.01.13"]
[Round "5.4"]
[White "Kopylov, Luba"]
[Black "Zickelbein, Eva Maria"]
[Result "1-0"]
[WhiteElo "2222"]
[BlackElo "2135"]
[PlyCount "59"]
[EventDate "2007.11.10"]
[EventType "team-tourn"]
[EventRounds "11"]
[EventCountry "GER"]
[SourceTitle "EXT 2009"]
[Source "ChessBase"]
[SourceDate "2008.11.26"]
[SourceVersion "1"]
[SourceVersionDate "2008.11.26"]
[SourceQuality "1"]
[WhiteTeam "Kiel Doppelbauer (W)"]
[BlackTeam "Hamburger SK (W)"]
[WhiteTeamCountry "GER"]
[BlackTeamCountry "GER"]

1. d4 d6 2. c4 e5 3. Nc3 exd4 4. Qxd4 Nc6 5. Qd2 Nf6 6. g3 g6 7. b3 Bg7 8. Bb2 0-0 9. Bg2 Bf5 10. Nh3 d5 11. Nxd5 Ne4 12. Bxe4 Bxe4 13. Bxg7 Kxg7 14. Qc3+ f6 15. Nhf4 Qd6 16. 0-0 g5 17. f3 Bg6 18. c5 Qd7 19. Nxg6 hxg6 20. Rad1 Qf7 21. f4 Rad8 22. e4 gxf4 23. Rxf4 Ne7 24. Qf3 Nxd5 25. exd5 Rh8 26. d6 Rh5 27. Rf1 cxd6 28. Rxf6 Qd5 29. Rxg6+ Kxg6 30. Qf6+ 1-0